Guess the song lyrics Quiz Stats

 Plays Quiz not verified by Sporcle

Challenge
Share
Tweet
Embed
Score 0/146 Timer 10:00
0 Plays Today
Lyric % Correct
a
99.4%
the
99.4%
the
99.4%
the
99.4%
i
86.9%
I
86.9%
I
86.9%
I
86.9%
i
86.9%
i
86.9%
an
80%
love.
76.9%
to
75%
is
72.5%
is
72.5%
me
72.5%
me
72.5%
me
72.5%
me
72.5%
in
70%
in
70%
on
68.1%
on
68.1%
on
68.1%
on
68.1%
on
68.1%
my
66.3%
my
66.3%
my
66.3%
my
66.3%
my
66.3%
my
66.3%
my
66.3%
it
65%
it
65%
it
65%
it
65%
it
65%
it
65%
So
56.9%
for
52.5%
not
48.1%
This
46.9%
This
46.9%
how
45%
how
45%
oh!
38.8%
oh!
38.8%
i'm
36.9%
Lyric % Correct
i'm
36.9%
should
32.5%
should
32.5%
with
28.1%
with
28.1%
with
28.1%
with
28.1%
because,
22.5%
La
22.5%
la
22.5%
la
22.5%
la
22.5%
la.
22.5%
La
22.5%
la
22.5%
la
22.5%
la
22.5%
la
22.5%
La
22.5%
la
22.5%
la
22.5%
la
22.5%
la,
22.5%
La
22.5%
la
22.5%
la
22.5%
la
22.5%
la
22.5%
La
22.5%
la
22.5%
la
22.5%
la
22.5%
la,
22.5%
La
22.5%
la
22.5%
la
22.5%
la
22.5%
la,
22.5%
baby.
21.9%
baby
21.9%
baby.
21.9%
baby.
21.9%
mind
21.3%
own
21.3%
show
18.1%
into
16.9%
into
16.9%
made
16.3%
dark
13.8%
Lyric % Correct
dark
13.8%
dark
13.8%
kill
12.5%
cry
10%
help,
10%
myself.
9.4%
Maybe
8.1%
Maybe
8.1%
Maybe
8.1%
Maybe
8.1%
angel
7.5%
Sail!
6.3%
blame
6.3%
blame
6.3%
Blame
6.3%
Sail!
6.3%
Sail!
6.3%
Sail!
6.3%
Sail!
6.3%
Sail!
6.3%
Blame
6.3%
blame
6.3%
Sail!
6.3%
Sail!
6.3%
Sail!
6.3%
Sail!
6.3%
Sail!
6.3%
Sail!
6.3%
Sail!
6.3%
Sail!
6.3%
Sail!
6.3%
Sail
6.3%
Sail!
6.3%
Sail
6.3%
Sail!
6.3%
Sail
6.3%
Sail!
6.3%
Sail
6.3%
Sail!
6.3%
A.D.D.
5%
A.D.D.
5%
A.D.D.
5%
A.D.D.
5%
breed.
3.1%
dies.
2.5%
different
2.5%
listening.
2.5%
supply.
0%

You're not logged in!

Compare scores with friends on all Sporcle quizzes.
Join for Free
OR
Log In

You Might Also Like...

Show Comments

Extras

Top Quizzes Today


Score Distribution

Your Account Isn't Verified!

In order to create a playlist on Sporcle, you need to verify the email address you used during registration. Go to your Sporcle Settings to finish the process.

Report this User

Report this user for behavior that violates our Community Guidelines.

Details: